000
00247nam a2200109Ia 4500
999
_c
7375
_d
7375
082
_a
324.22
100
_a
Sharif Al Mujahid
245
0
_a
Quaid-i-Azam Zandmani 0 Khidmaat
260
_a
Karachi
_b
Idarahai Tasneef
_c
2016
300
_a
504
942
_c
BK